| 000 | 00000nam##2200000za#4500 |
| 001 | 9.614256 |
| 003 | CaOODSP |
| 005 | 20220111083440 |
| 007 | ta |
| 008 | 150406|1998||||xxc||||| f|0| 0 eng|d |
| 020 | |a0-662-26450-9 |
| 022 | |a1713-0638 |
| 040 | |aCaOODSP|beng |
| 043 | |an-cn--- |
| 086 | 1 |aNE22-1/1998-1E |
| 110 | 1 |aCanada. |bNational Energy Board. |
| 245 | 10|aIn the matter of Androscoggin Energy LLC, PanCanadian Petroleum Limited, ProGas Limited, Vermont Gas Systems, Inc. Wascana Energy Inc. and Rock-Tenn Company, Mill Division, Inc. : |bapplications pursuant to Part VI of the National Energy Board Act for licences to export natural gas |
| 260 | |aCalgary - Alberta : |bNational Energy Board |cJanuary, 1998. |
| 300 | |a37p. ; |c28 cm. |
| 490 | 1 |aReasons for decision|x1713-0638 |
| 590 | |a98-11|b1998-03-13 |
| 775 | 08|tRelativement à Androscoggin Energy LLC, PanCanadian Petroleum Limited, ProGas Limited, Vermont Gas Systems, Inc., Wascana Energy Inc., et Rock-Tenn Company, Mill Division, Inc. : |w(CaOODSP)9.624632 |
| 776 | 0#|tReasons for decision in the matter of Androscoggin Energy LLC, PanCanadian Petroleum Limited, ProGas Limited, Vermont Gas Systems Inc., Wascana Energy Inc. and Rock-Tenn Company, Mill Division, Inc. : |w(CaOODSP)9.572539 |
| 830 | #0|aReasons for decision (Canada. National Energy Board)|x1713-0638|w(CaOODSP)9.514808 |
| 986 | |aGHW-2-97 |